Mathematical methods in risk theory /
Guardado en:
| Autor Principal: | |
|---|---|
| Formato: | Libro |
| Idioma: | English |
| Publicado: |
New York :
Springer,
1970.
|
| Series: | Grundlehren der mathematischen Wissenschaften in Einzeldarstellung mit besonderer Berücksichtigung der Anwendungsgebiete ;
Bd. 172. |
| Materias: | |
| Acceso en línea: | Table of contents |
| Etiquetas: |
Agregar Etiqueta
Sin Etiquetas, Sea el primero en etiquetar este registro!
|
| LEADER | 00955cam a2200241 a 4500 | ||
|---|---|---|---|
| 001 | MAT.inmabb004577 | ||
| 008 | 701217s1970####nyua#####b####001#0#eng## | ||
| 005 | 20130324190100.0 | ||
| 245 | 1 | 0 | |a Mathematical methods in risk theory / |c Hans Bühlmann. |
| 260 | |a New York : |b Springer, |c 1970. | ||
| 300 | |a xii, 210 p. : |b il. ; |c 24 cm. | ||
| 490 | 1 | |a Die Grundlehren der mathematischen Wissenschaften in Einzeldarstellungen ; |v Bd. 172 | |
| 504 | |a Bibliografía: p. [206]-208. | ||
| 510 | 4 | |a MR, |c 43 #4178 | |
| 100 | 1 | |a Bühlmann, Hans. | |
| 830 | 0 | |a Grundlehren der mathematischen Wissenschaften in Einzeldarstellung mit besonderer Berücksichtigung der Anwendungsgebiete ; |v Bd. 172. | |
| 650 | 0 | |a Insurance |x Mathematics. | |
| 650 | 0 | |a Risk (Insurance) | |
| 084 | |a 62P05 |2 msc2000 | ||
| 010 | |a 79126042 | ||
| 040 | |a DLC |c DLC |d DLC | ||
| 856 | 4 | 1 | |3 Table of contents |u http://www.loc.gov/catdir/toc/fy0611/79126042.html |
| 859 | |h 62 |i B931 |p A-4213 |b BIB. MATEMATICA | ||
